Sarjana

Bibliographic Details
Corporate Author: Universiti Malaya
Format: Book
Published: Kuala Lumpur Fakulti Sastera & Sains Sosial, Universiti Malaya 1986-
Subjects:

MARC

LEADER 00000cam a2200000 7i4500
001 0000000895
008 021118s1986
090 0 0 |a H1.A1  |b S2 
245 0 0 |a Sarjana 
260 2 |a Kuala Lumpur  |b Fakulti Sastera & Sains Sosial, Universiti Malaya  |c 1986- 
650 0 |a Social sciences  |v Periodicals 
710 2 1 |a Universiti Malaya  |c Fakulti Sastera dan Sains Sosial 
999 |a 1000066058  |b Serials  |c Reference  |e Gong Badak Campus 
999 |a 1000068454  |b Serials  |c Reference  |e Gong Badak Campus 
999 |a 1000068593  |b Serials  |c Reference  |e Gong Badak Campus 
999 |a 1000068594  |b Serials  |c Reference  |e Gong Badak Campus 
999 |a 1000068595  |b Serials  |c Reference  |e Gong Badak Campus